Écrit les noms des personnages d'harry potter selon les images - Statistiques

Statistiques générales
  • Ce quiz a été pris 72 fois
  • Le résultat moyen est 8 sur 11
Statistiques - réponses
Par images Réponse % Correct
Harry
100%
Voldemort
96%
Ron
92%
Sirius
90%
Hermione
88%
Ginny
74%
Alastor
62%
Lupin
54%
Albus
46%
Minerva
32%
Krum
24%
Aucun quiz correspondant
Distribution des résultats
% des personnes avec chaque résultat
Percentile par nombre de réponses
Votre historique - résultats
Vous n’avez pas pris ce quiz